Protecting vulnerable groups: the European Human Rights Framework
Gespeichert in:
| Hauptverfasser: | , |
|---|---|
| Format: | Buch |
| Sprache: | Englisch |
| Veröffentlicht: |
Oxford
Hart Publishing
2017
|
| Schriftenreihe: | Modern Studies in European Law
|
| Schlagworte: | |
| Tags: |
Tag hinzufügen
Keine Tags, Fügen Sie den ersten Tag hinzu!
|
MARC
| LEADER | 00000cam a2200000 a 4500 | ||
|---|---|---|---|
| 001 | UCC9033 | ||
| 003 | CL-VaPUC | ||
| 008 | 190904e20170000uk |||||||||||||||||eng|d | ||
| 020 | |a 9781509915484 | ||
| 082 | 0 | 4 | |a 341.485 |b IPP |2 21 |
| 100 | 0 | |a Ippolito, Francesca |e author |9 603802 | |
| 700 | 0 | |a Iglesias Sánchez, Sara |e author |9 603803 | |
| 245 | 1 | 0 | |a Protecting vulnerable groups: the European Human Rights Framework |
| 300 | |a 481 p | ||
| 942 | |c BK | ||
| 945 | |d 20190904 15:40:00 |a cmena | ||
| 260 | |a Oxford |b Hart Publishing |c 2017 | ||
| 650 | 0 | |a Derechos humanos |9 223025 | |
| 650 | 0 | |a Derecho europeo |9 391498 | |
| 650 | 0 | |a Derechos civiles |9 255655 | |
| 650 | 0 | |a Grupos sociales |9 268887 | |
| 650 | 7 | |a PAISES DE LA UNION EUROPEA |2 CL-VaPUC |9 553442 | |
| 583 | |a last modification |c 20190904 15:40:00 |k Rodrigo Vera | ||
| 490 | 0 | |a Modern Studies in European Law | |
| 999 | |c 375228 |d 375226 | ||
| 952 | |0 0 |1 0 |3 erb |4 0 |6 341_485000000000000_IPP_2017 |7 0 |8 WP_COW |9 561173 |a BIBDER |b BIBDER |e Fundación W and P Cowley |i 5597943 |o 341.485 IPP 2017 |p 5597943 |r 2023-01-25 |w 2020-03-12 |y BK |z Catalogado en:20190904 |k WPC | ||